Statistics for Central Europe Quiz

Click here to take the quiz!

General Stats

  • This quiz has been taken 5 times
  • The average score is 17 of 49

Answers on the Map

Answers color-coded by a green-red scale on the quiz's map according to % correct below.
 

Answer Stats

Answer% Correct
Prague
80%
Vienna
80%
Fribourg
60%
Geneva
60%
Aargau
40%
Appenzell Ausserrhoden
40%
Appenzell Innerrhoden
40%
Basel-Landschaft
40%
Basel-Stadt
40%
Bern
40%
Burgenland
40%
Carinthia
40%
Graubünden
40%
Jura
40%
Karlovy Vary
40%
Liberec
40%
Lower Austria
40%
Neuchâtel
40%
Plzeň
40%
Saint Gallen
40%
Salzburg
40%
Schaffhausen
40%
Styria
40%
Ticino
40%
Tyrol
40%
Upper Austria
40%
Ústí nad Labem
40%
Valais
40%
Vaud
40%
Voralberg
40%
Zürich
40%
Central Bohemia
20%
Glarus
20%
Luzern
20%
Moravia-Silesia
20%
Nidwalden
20%
Obwalden
20%
Olomouc
20%
Pardubice
20%
Schwyz
20%
Solothurn
20%
South Bohemia
20%
South Moravia
20%
Thurgau
20%
Uri
20%
Zlín
20%
Zug
20%
Hradec Králové
0%
Vysočina
0%

Score Distribution

Percentile by Number Answered

Percent of People with Each Score

Your Score History

You have not taken this quiz